[Event "Detroit op1"]
[Site "Detroit"]
[Date "2003.05.18"]
[Round "5"]
[White "Johnson, David"]
[Black "Dixon, Decarlos"]
[Result "0-1"]
[WhiteElo "702"]
[BlackElo "433"]
[PlyCount "120"]
[EventDate "2003.05.17"]
[EventType "swiss"]
[EventRounds "5"]
[EventCountry "USA"]
[SourceTitle "EXT 2007"]
[Source "ChessBase"]
[SourceDate "2006.11.23"]
[SourceVersion "1"]
[SourceVersionDate "2006.11.23"]
[SourceQuality "1"]

1. Nf3 Nc6 2. g3 e5 3. d3 d6 4. Bg2 Nf6 5. Bg5 Be7 6. 0-0 0-0 7. c4 e4 8. dxe4 Nxe4 9. Bxe7 Qxe7 10. Nbd2 Bf5 11. Qc2 Nb4 12. Qb3 Nxd2 13. Nxd2 c5 14. a3 Nc2 15. Rad1 Qxe2 16. Bf3 Qd3 17. Qxd3 Bxd3 18. Bxb7 Rab8 19. Be4 Be2 20. Bxc2 Bxd1 21. Rxd1 Rxb2 22. Rc1 Re8 23. Nf3 Re2 24. Bd3 Rxf2 25. Rf1 Rxf1+ 26. Kxf1 Rb3 27. Ke2 Rxa3 28. Ng5 Ra2+ 29. Ke3 h6 30. Ne4 a5 31. Bb1 Rxh2 32. Nxd6 a4 33. Ne4 Rh5 34. g4 Rh4 35. Nxc5 a3 36. Nd7 Rxg4 37. c5 Rg1 38. Ba2 Ra1 39. Bd5 h5 40. c6 h4 41. c7 Rc1 42. Bxf7+ Kxf7 43. Ne5+ Kg8 44. c8Q+ Rxc8 45. Ng6 a2 46. Ne7+ Kf7 47. Nxc8 a1Q 48. Nd6+ Ke6 49. Ne4 Kd5 50. Nd2 Qd4+ 51. Ke2 Qb2 52. Kd3 Qd4+ 53. Kc2 Qe3 54. Ne4 Kd4 55. Kb2 Kc4 56. Nd6+ Kb4 57. Nf5 Qb3+ 58. Kc1 Qa2 59. Nxh4 Kc3 60. Kd1 Qd2# 0-1